000
00234nam a22000977a 4500
005
20250901165356.0
008
210318b ||||| |||| 00| 0 eng d
050
_a
PS3569.A5455 .S26
245
_a
Nightside
_c
SANTIAQO, SOLEDAD
942
_2
lcc
999
_c
2967
_d
2967